| 000 | 00894nam a2200229 a 4500 | ||
|---|---|---|---|
| 001 | 000015928 | ||
| 005 | 20251120073732.0 | ||
| 008 | 100222s1990 dr 001 0 spa d | ||
| 040 |
_aDO-SdBNP _bspa _cBNPHU |
||
| 082 |
_axxx _bG216r |
||
| 100 | 1 |
_aGarcía Gómez, Ramón A., _d1944- _935818 |
|
| 245 | 1 | 3 |
_aLa responsabilidad en materia laboral y otros temas de derecho del trabajo / _cRamón A. García Gómez; edición José Darío Suárez, Lupo Hernández Rueda. |
| 260 |
_aSantiago de los Caballeros : _bPUCMM, _c1990. |
||
| 300 |
_a156 p. ; _c22 cm. |
||
| 490 | 1 | _aDocumentos | |
| 500 | _aIncluye datos biográficos del autor en la solapa de la cubierta | ||
| 700 | 1 |
_aDarío Suárez, José _eed. _935819 |
|
| 700 |
_aHernández Rueda, Lupo, _d1930-2017 _eed. _923790 |
||
| 710 | 2 |
_aPontificia Universidad Católica Madre y Maestra _9843 |
|
| 830 | 0 |
_aDocumentos _91047 |
|
| 049 | _aBNPD | ||
| 999 |
_c15470 _d15470 |
||